| 000 | 00986cab a2200217 4500 | ||
|---|---|---|---|
| 001 | L130498 | ||
| 008 | 050804n2005 000 0 eng u | ||
| 035 | _a(Sirsi) u130498 | ||
| 041 | _aeng | ||
| 100 | _aCollins, Jason | ||
| 245 | 2 | _aA conventional privilege? | |
| 260 | _c2005 | ||
| 490 |
_aTaxation _v155(4017) 21 July 2005, 439-441(3) |
||
| 520 | _aDiscusses the implementation of the third anti-money laundering directive and considers whether UK common law or the European Union Convention for the Protection of Human Rights are better at protecting confidential client communications. Looks at legal professional privilege, the current domestic law position and the convention rights. | ||
| 590 | _aIKA160805 | ||
| 650 | _aDIRECTIVE 2004/0137 | ||
| 650 | _aCONVENTION FOR THE PROTECTION OF HUMAN RIGHTS AND FUNDAMENTAL FREEDOMS | ||
| 650 | _aMONEY LAUNDERING | ||
| 690 | _aMANAGEMENT-BUSINESS MANAGEMENT-FINANCIAL MANAGEMENT-ACCOUNTING-MONEY LAUNDERING | ||
| 942 | _n0 | ||
| 999 |
_c75655 _d75655 |
||